| 000 | 00536cam a2200169 a 4500 | ||
|---|---|---|---|
| 020 | _a1589750004 (hardcover : alk. paper) | ||
| 040 | _cDLC | ||
| 082 | 0 | 0 | _a658 IVY 2001 A049 Or. |
| 100 | 1 | _aWalters, Jamie S., | |
| 245 | 1 | 0 |
_aBig vision, small business : _bthe four keys to finding success & satisfaction as a lifestyle entrepreneur / |
| 260 |
_aSan Francisco : _bIvy Sea Publishing, _cc2001. |
||
| 300 |
_a198 p. ; _c24 cm. |
||
| 650 | 0 | _aSmall business | |
| 650 | 0 | _aSuccess in business. | |
| 650 | 0 | _aSmall business | |
| 942 | _cEK | ||
| 999 |
_c13914 _d13914 |
||